Представление документа в формате RUSMARC

ПолеНазваниеЗначение
  Тип записи a
  Библиографический уровень m
001 Контрольный номер a279f7a51a6744299242cc2709915d79
005 Дата корректировки 20240410112224.4
010 Индекс ISBN __
a ISBN 978-5-353-07872-2
b Уточнения в пер.
d Цена 160-00
100 Данные общей обработки __
a Данные общей обработки 20220422d2019 dc 0rusy028902 ca
101 Язык документа 1_
a Язык текста rus
c Язык оригинала eng
102 Страна публикации __
a Страна публикации RU
105 Кодированные данные (монография) __
a Кодированные данные (монография) a z 000ay
181 Поле кодированных данных: вид содержания _0
a Код вида содержания (ISBD) i
182 Поле кодированных данных: тип средства _0
a Код типа средства (ISBD) n
200 Заглавие и сведения об ответственности 1_
a Заглавие Алиса в Зазеркалье
e Сведения, относящиеся к заглавию [повесть]
e Сведения, относящиеся к заглавию для среднего школьного возраста
f Первые сведения об ответственности Льюис Кэрролл
g Последующие сведения об ответственности художник М. Митрофанов
g Последующие сведения об ответственности перевод Н. Демуровой
g Последующие сведения об ответственности стихи в переводах С. Маршака, Д. Орловской
203 Вид содержания и тип средства __
a Вид содержания Текст
c Тип средства непосредственный
210 Выходные данные 1_
a Место издания Москва
c Издательство Росмэн
d Дата издания 2019
215 Физическое описание __
a Объем 155, [4] с., [16] л. цв. ил.
c Иллюстрации/тип воспроизводства ил.
d Формат 20 см
225 Серия 2_
a Серия Внеклассное чтение
300 Общие примечания __
a Общие примечания Произведение печатается без сокращений
330 Аннотация __
a Аннотация Однажды девочка Алиса странным образом прошла сквозь обычное зеркало и оказалась в удивительном мире! Теперь ей предстоит помочь местным жителям справиться со многими трудностями и найти дорогу домой. "Алиса в Зазеркалье" - вторая книга Льюиса Кэрролла про веселую и неугомонную английскую девочку, с которой читатели познакомились в повести "Алиса в Стране Чудес".
333 Примечание о целевом назначении __
a Примечание о целевом назначении 0+
606 Тематические рубрики __
a Основная рубрика Художественная литература
2 Код системы nlr_sh
606 Тематические рубрики __
a Основная рубрика Литература Европы (произведения)
2 Код системы nlr_sh
y Географическая подрубрика Великобритания
610 Ключевые слова 0_
a Ключевые слова зарубежная литература
610 Ключевые слова 0_
a Ключевые слова иностранная литература
610 Ключевые слова 0_
a Ключевые слова английская литература
610 Ключевые слова 0_
a Ключевые слова классическая литература
610 Ключевые слова 0_
a Ключевые слова детская литература
610 Ключевые слова 0_
a Ключевые слова повести
610 Ключевые слова 0_
a Ключевые слова детские повести
610 Ключевые слова 0_
a Ключевые слова сказочные повести
610 Ключевые слова 0_
a Ключевые слова сказки
686 Индексы других классификаций __
2 Код системы rubbks
a Классификационный индекс ст84(4Вел)-45
700 Автор _1
a Фамилия Кэрролл
b Имя Л.
f Даты 1832-1898
g Полное личное имя Льюис
4 Код отношения 070
702 Вторичная интеллектуальная ответственность _1
a Фамилия Демурова
b Имя Н. М.
4 Код отношения 730
f Даты 1930-2021
g Полное личное имя Нина Михайловна
702 Вторичная интеллектуальная ответственность _1
a Фамилия Маршак
b Имя С. Я.
4 Код отношения 730
f Даты 1887-1964
g Полное личное имя Самуил Яковлевич
702 Вторичная интеллектуальная ответственность _1
a Фамилия Орловская
b Имя Д. Г.
4 Код отношения 730
f Даты 1925-1969
g Полное личное имя Дина Григорьевна
702 Вторичная интеллектуальная ответственность _1
a Фамилия Митрофанов
b Имя М. С.
f Даты 1975-
g Полное личное имя Максим Сергеевич
4 Код отношения 440
801 Источник записи _0
a Страна RU
b Организация Муниципальное бюджетное учреждение культуры "Централизованная библиотечная система" г. Сургут (Центральная городская библиотека им. А. С. Пушкина)
c Дата составления 20220422
g Правила каталогизации PSBO
801 Источник записи _1
a Страна RU
b Организация Муниципальное бюджетное учреждение культуры "Централизованная библиотечная система" г. Сургут (Центральная городская библиотека им. А. С. Пушкина)
c Дата составления 20220422
g Правила каталогизации PSBO
852 Данные о местонахождении __
j Шифр хранения ст84(4Вел)-45
i Авторский знак К 98
900 Макрообъекты __
a Макрообъекты Алиса в Зазеркалье, 2019.
901 Тип документа __
a Ответственный КиК/Обаева
t Тип документа m
903 Характеристики (МАРС) __
a Дата передачи 20220422
c Наименование библиотеки (МАРС) Муниципальное бюджетное учреждение культуры "Централизованная библиотечная система" г. Сургут (Центральная городская библиотека им. А. С. Пушкина)
969 Тип издания __
a Тип издания издание для детей
990 Данные о заказе (DOS) __
j Количество экземпляров (DOS) 1
t N записи в КСУ для И/У (DOS) 202205